00943nam a22002297a 450000500170000000800410001702000180005804000250007604100080010108200180010911000480012724501230017525000180029826000610031626000600037730000250043750501120046265000410057465000410061565000270065671000300068320150624171143.0150624b2014 ck ||||| |||| 00| 0 spa d a9789588207643 aCO-BoIAVHcCO-BoIAVH0 aspa 4a306.361bH39p1 aFriedrich Ebert Stiftung en Colombia-Fescol13aLa precariedad laboral en ColombiabCrónicas y reportajes/cFriedrich Ebert Stiftung en Colombia-Fescol... [et. al.] a1a. Edición3 aMedellín:bEdiciones Escuela Nacional Sindical,c2014.3 aBogotá:bFriedrich Ebert Stiftung en Colombia,c2014. a225 p.bfot.c21 cm. aTercerización laboral. Crónicas de la serie "Casos del CAL". Los oficios del "rebusque". Otros Ambitos. 4aTrabajoxAspectos socialeszColombia 4aIntensidad de mano de obrazColombia 4aMano de obrazColombia1 aEscuela Nacional Sindical